A romák iskolai integrációja Kiskőrösön

Elmentve itt :
Bibliográfiai részletek
Szerző: Kalla Viktória
További közreműködők: Kállai Ernő (Témavezető)
Dokumentumtípus: Szakdolgozat
Megjelent: 2021
Tárgyszavak:
Online Access:http://diploma.bibl.u-szeged.hu/126852
LEADER 00818nta a2200217 i 4500
001 dipl126852
005 20220705160431.0
008 220705s2021 hu om 0|| hun d
040 |a SZTE Diploma Repozitórium  |b hun 
041 |a hun 
100 1 |a Kalla Viktória 
245 1 2 |a A romák iskolai integrációja Kiskőrösön  |h [elektronikus dokumentum] /  |c Viktória Kalla 
246 1 0 |a Scholastic Integration of Gypsies in Kiskőrös  |h [elektronikus dokumentum] 
260 |c 2021 
650 4 |a Pedagógusképzés 
650 4 |a Social sciences 
650 4 |a Educational sciences 
650 4 |a Education, special (to gifted persons, those with learning disabilities) 
650 4 |a Sociology 
700 1 |a Kállai Ernő  |e ths 
856 4 0 |u http://diploma.bibl.u-szeged.hu/id/eprint/126852/1/2021_kalla_viktoria.pdf  |z Dokumentum-elérés